Trf̀ico de drogas e inmigracin̤ ilegal en Canarias

Bibliographic Details
Main Author: Alcalde Lp̤ez, Manuel
Format: eBook
Language:Spanish
Published: Madrid: Dykinson, 2016
Subjects:
Online Access:Acceso restringido

MARC

LEADER 00000nam a22000007a 4500
005 20170213233136.0
007 cr|||| ||||
008 170213s2016 es |||||s|||| 00||0 spa d
020 |a 978-84-9085-848-6 
035 |a 14723 
040 |a vLex 
090 |c 6533  |d 6533 
100 1 |a Alcalde Lp̤ez, Manuel 
245 1 0 |a Trf̀ico de drogas e inmigracin̤ ilegal en Canarias  |h [Recurso electrn̤ico] /  |c Manuel Alcalde Lp̤ez 
256 |a Servicio en ln̕ea 
260 |a Madrid:  |b Dykinson,  |c 2016 
300 |a 1 recurso electrn̤ico 
506 1 |a Disponible solo en los productos indicados  |d vLex Global  |d vLex Global (Academic Edition, excluding Law Schools)  |d vLex Global (U.S. Academic Edition, Law Schools)  |d vLex Global (U.S. Academic Edition, excluding Law Schools)  |d vLex Global (Academic Edition, Law Schools) 
650 0 4 |a Derecho Penal  |z Espaą 
740 0 |a vLex Libros (Servicio en ln̕ea) 
856 4 0 |u http://vlex.com/source/trafico-drogas-inmigracion-ilegal-canarias-14723  |z Acceso restringido 
942 |c BOOK 
999 0 |a Criminal law